[Event "Titled Tuesday intern op 27th Jun Late"]
[Site "Chess.com INT"]
[Date "2023.06.27"]
[Round "4"]
[White "Nunez V, Gustavo Eduardo"]
[Black "Goryachkina, Aleksandra"]
[Result "0-1"]
[WhiteElo "2226"]
[BlackElo "2557"]
[PlyCount "136"]
[EventDate "2023.06.27"]
[EventType "swiss (blitz)"]
[EventRounds "11"]
[EventCountry "USA"]
[SourceTitle "EXT 2024"]
[Source "ChessBase"]
[SourceDate "2023.10.10"]
[SourceVersion "1"]
[SourceVersionDate "2023.10.10"]
[SourceQuality "1"]

1. e4 c6 2. d3 d5 3. Nd2 g6 4. g3 Bg7 5. Bg2 e5 6. Ne2 Ne7 7. 0-0 0-0 8. f4 dxe4 9. Nxe4 f5 10. N4c3 Nd7 11. h3 Kh8 12. Kh2 exf4 13. Bxf4 Nf6 14. Qd2 Be6 15. Bh6 Qd6 16. Bxg7+ Kxg7 17. Nf4 Bg8 18. Rae1 Rae8 19. Rf2 Nc8 20. Rfe2 Rxe2 21. Rxe2 g5 22. Ne6+ Bxe6 23. Qxg5+ Kf7 24. Re3 Rg8 25. Qh4 Ne7 26. Ne2 Ng6 27. Qh6 Qf8 28. Qxf8+ Rxf8 29. Nd4 Re8 30. c4 Bd7 31. Rf3 Ne5 32. Rf1 Nxd3 33. Rd1 Ne5 34. c5 Bc8 35. Rf1 Kg6 36. b4 Nd3 37. b5 cxb5 38. c6 bxc6 39. Bxc6 Rd8 40. Nxb5 a6 41. Nc3 Ne5 42. Bg2 Rd2 43. Kg1 Rc2 44. Na4 Rxa2 45. Nc5 Rc2 46. Nb3 Rc3 47. Nd4 Rxg3 48. Re1 Nd3 49. Rf1 Bb7 50. Nf3 Bxf3 51. Rxf3 Rxg2+ 52. Kxg2 Ne1+ 53. Kf2 Nxf3 54. Kxf3 Kg5 55. Kg3 f4+ 56. Kf3 Kf5 57. h4 a5 58. Ke2 a4 59. Kd3 a3 60. Kc3 f3 61. Kb3 f2 62. Kxa3 f1Q 63. Kb3 Qc1 64. h5 Ke4 65. h6 Kd4 66. Kb4 Qb1+ 67. Ka5 Kc5 68. Ka6 Qb6# 0-1

[Event "Titled Tuesday intern op 27th Jun Late"]
[Site "Chess.com INT"]
[Date "2023.06.27"]
[Round "7"]
[White "Palencia Morales, Wilson Guillermo"]
[Black "Nunez V, Gustavo Eduardo"]
[Result "0-1"]
[WhiteElo "2300"]
[BlackElo "2226"]
[PlyCount "78"]
[EventDate "2023.06.27"]
[EventType "swiss (blitz)"]
[EventRounds "11"]
[EventCountry "USA"]
[SourceTitle "EXT 2024"]
[Source "ChessBase"]
[SourceDate "2023.10.10"]
[SourceVersion "1"]
[SourceVersionDate "2023.10.10"]
[SourceQuality "1"]

1. d4 Nf6 2. c4 g6 3. Nf3 Bg7 4. Nc3 d6 5. e4 0-0 6. Be2 Nbd7 7. h3 e5 8. d5 Nc5 9. Qc2 a5 10. Bg5 h6 11. Be3 b6 12. Nd2 Nfd7 13. g4 Re8 14. h4 Nf8 15. 0-0-0 Bd7 16. Nf1 a4 17. Qd2 a3 18. b3 Kh7 19. Ng3 Na6 20. Rdg1 Qe7 21. g5 h5 22. Qd1 Nb4 23. Kd2 c6 24. Bxh5 gxh5 25. Qxh5+ Kg8 26. Nf5 Bxf5 27. exf5 cxd5 28. f6 Qb7 29. fxg7 Ng6 30. cxd5 Nxd5 31. Ne4 Kxg7 32. Qf3 Ngf4 33. Nxd6 Qd7 34. Nxe8+ Rxe8 35. Bxf4 Nxf4+ 36. Ke1 Rc8 37. Qe3 Qd5 38. h5 Rc2 39. h6+ Kh7 0-1